| 000 | 00899nam a2200217 a 4500 | ||
|---|---|---|---|
| 001 | 000030646 | ||
| 005 | 20240409073642.0 | ||
| 008 | 110525t1961 dr 000 0bspa d | ||
| 040 |
_aDO-SdBNP _bspa _cBNPHU |
||
| 082 | _aF-RD 35 | ||
| 245 | 0 | 0 | _aTrujillo y la prensa. |
| 260 |
_aCiudad Trujillo, República Dominicana : _bArte y Cine, _c1961. |
||
| 300 |
_a23 p. ; _c23 cm. |
||
| 490 | 1 | _aSociedad Dominicana de Prensa | |
| 505 | 0 |
_gMensaje de cordialidad / _rRafael L. Trujillo -- _tDos discursos del Dr. Opinio Álvarez Mainardi, presidente de la Sociedad Dominicana de Prensa, en el día del periodista, 1960-1961. |
|
| 600 | 1 | 0 |
_aTrujillo Molina, Rafael Leónidas, _d 1891-1961 _976764 |
| 650 | 4 |
_aGobierno y prensa _zRepública Dominicana _yERA DE TRUJILLO, 1930-1961 _957234 |
|
| 830 | 0 |
_aSociedad Dominicana de Prensa _957235 |
|
| 910 | _aValidado. Control de calidad EMS. | ||
| 049 | _aBNPD | ||
| 999 |
_c30138 _d30138 |
||